| 000 | 00614nam a2200169Ia 4500 | ||
|---|---|---|---|
| 008 | 230917s9999||||xx |||||||||||||| ||und|| | ||
| 020 | _cRS150 | ||
| 040 |
_e230735 _aMAIN |
||
| 041 | _aEnglish | ||
| 082 | _a891.4317109 DK945:MS | ||
| 100 | _aसरदार, मुजावर | ||
| 245 | 0 | _aदुष्यन्त कुमार की गजलोें का समीक्षात्मक अध्ययन | |
| 260 |
_aनई दिल्ली _bवाणी प्रकाशन _c2003 |
||
| 300 | _a68 पृ. p. | ||
| 500 | _a2270 01/02/2016 HBD15/1727 01/03/2016 Main Budget | ||
| 942 | _cBK | ||
| 999 |
_c17941 _d17941 |
||